000
00337nam a2200145Ia 4500
008
230524s9999 xx 000 0 und d
082
_a
5.13
_b
ALL
100
_a
James Allen
_9
44697
245
0
_a
Natural Language Understanding
250
_a
2
260
_b
Pearson
500
_a
Quantity Number: 1
650
_a
Comp.Sc
942
_c
BK
999
_c
60165
_d
60165